| 000 | 00982cab a2200265 4500 | ||
|---|---|---|---|
| 001 | ABS55290 | ||
| 008 | 090401t1996 xxu||||| |||| 00| 0 eng d | ||
| 035 | _a(Sirsi) u15489 | ||
| 041 | _aeng | ||
| 100 | _aMulekezi, L | ||
| 245 | _aWorkshopping for the best deal | ||
| 260 | _c1996 | ||
| 350 | _a0 | ||
| 490 |
_aNew Civil Engineer _v27 June 1996, 25(1) |
||
| 520 | _aAssesses the effectiveness of project workshops as a mechanism for delivering client-based services in the construction industry. The workshops act as a forum where everyone involved in a project can meet up and discuss the project`s objectives and how they can be best achieved. Outlines the various types of workshops. | ||
| 650 | _aCLIENTS NEEDS | ||
| 650 | _aCLIENTS | ||
| 650 | _aMANAGEMENT-PROJECT MANAGEMENT | ||
| 650 | _aPROJECT WORKSHOPS | ||
| 650 | _aRISK MANAGEMENT | ||
| 650 | _aVALUE MANAGEMENT | ||
| 690 | _aBUILDING AND CONSTRUCTION-PROJECTS | ||
| 942 | _n0 | ||
| 948 | _c04/03/1997 | ||
| 999 |
_c10165 _d10165 |
||